[Event "AUTO-OPEN-620"]
[Site "http://www.queenalice.com/game.php?id=195579"]
[Date "2007.4.12"]
[Round "1"]
[White "darth_antonius"]
[Black "botafogo"]
[Result "0-1"]
[WhiteElo "1612"]
[BlackElo "2004"]

1. e3 e5 2. c4 Nf6 3. d4 exd4 4. exd4 d5 5. Bg5 Be7 6. Nf3 Bg4 7. Be2 Nc6 8. O-O
O-O 9. Re1 h6 10. Bxf6 Bxf6 11. Nbd2 Re8 12. h3 Be6 13. a3 b6 14. b4 Nxd4 15.
Nxd4 Bxd4 16. Rb1 Bf5 17. Rb3 Qf6 18. cxd5 Qg6 19. g4 Bc2 20. Qc1 Bxb3 21. Nxb3
Be5 22. Bf3 Rad8 23. Nd2 Bf4 24. Rxe8+ Rxe8 25. Kg2 Qd3 26. Qc6 Re1 27. Qa8+ Kh7
28. Be4+ Rxe4 29. Nxe4 Qxe4+ 30. Kf1 Qf3 31. Qe8 Qxh3+ 32. Ke1 Qh1+ 33. Ke2 Qxd5
34. Kf1 Qe6 35. Qxe6 fxe6 36. Ke2 Kg6 37. f3 Kg5 38. Kf2 g6 39. Kg2 h5 40. gxh5
Kxh5 41. Kh3 c6 42. Kg2 Kg5 43. Kf2 Kf5 44. Ke2 g5 45. Kd3 Ke5 46. Kc4 Kd6 47.
a4 e5 48. Kd3 Kd5 49. Kc3 e4 50. fxe4+ Kxe4 51. Kc4 g4 0-1

[Event "AUTO-OPEN-620"]
[Site "http://www.queenalice.com/game.php?id=195580"]
[Date "2007.4.12"]
[Round "1"]
[White "botafogo"]
[Black "darth_antonius"]
[Result "1-0"]
[WhiteElo "1892"]
[BlackElo "1573"]

1. e4 g6 2. d4 Bg7 3. Nf3 d6 4. Nc3 Bg4 5. Be2 Nf6 6. Bg5 c6 7. h3 Bxf3 8. Bxf3
Qb6 9. Qd3 Qxb2 10. Rb1 Qa3 11. Rxb7 Nbd7 12. O-O O-O 13. Rfb1 Rfe8 14. R1b4 Nb6
15. Rb3 Qa5 16. Bc1 Nbd7 17. e5 dxe5 18. Bxc6 exd4 19. Qxd4 Red8 20. R3b5 Nh5
21. Qxg7+ Nxg7 22. Rxa5 Nb6 23. Rxe7 Rac8 24. Bd5 Nxd5 25. Nxd5 Rxc2 26. Bg5 Rb8
27. Raxa7 Rb1+ 28. Kh2 Rb8 29. Bf6 Rxf2 30. Rxf7 Ne8 31. Rxh7 Nxf6 32. Rag7+ Kf8
33. Rf7+ 1-0

[Event "AUTO-OPEN-620"]
[Site "http://www.queenalice.com/game.php?id=195597"]
[Date "2007.4.12"]
[Round "1"]
[White "flucris2701"]
[Black "botafogo"]
[Result "0-1"]
[WhiteElo "1415"]
[BlackElo "1909"]

1. e4 e5 2. Nf3 Nc6 3. Bb5 a6 4. Bxc6 bxc6 5. Nxe5 Qe7 6. d4 d6 7. Nf3 Qxe4+ 8.
Qe2 Qxe2+ 9. Kxe2 Nf6 10. Re1 Be7 11. Kf1 Be6 12. Nc3 O-O 13. Ng5 Bc4+ 14. Kg1
Rfe8 15. b3 Bd5 16. Nxd5 Nxd5 17. c4 Nb4 18. Rb1 Nxa2 19. Nf3 Nb4 20. Ba3 Nc2
21. Rxe7 Rxe7 22. Bb2 a5 23. Rc1 Nb4 24. h3 Nd3 25. Rb1 Re2 26. Ba1 Nxf2 27. Kh2
h6 28. Bc3 Ne4 29. Be1 a4 30. Ra1 a3 31. Kg1 a2 32. Kf1 Rb2 33. Nd2 Nxd2+ 34.
Bxd2 Rb1+ 35. Rxb1 axb1=Q+ 36. Ke2 Ra2 37. Ke3 Qg1+ 38. Ke4 Rxd2 39. Kf4 g5+ 40.
Kf5 Qf2+ 41. Ke4 Rxd4# 0-1

[Event "AUTO-OPEN-620"]
[Site "http://www.queenalice.com/game.php?id=195598"]
[Date "2007.4.12"]
[Round "1"]
[White "botafogo"]
[Black "flucris2701"]
[Result "1-0"]
[WhiteElo "1892"]
[BlackElo "1395"]

1. e4 e5 2. Nf3 Nf6 3. Nc3 Bd6 4. d4 exd4 5. Nxd4 Bb4 6. Bg5 Bxc3+ 7. bxc3 O-O
8. Bd3 h6 9. Bd2 Nc6 10. O-O Ne5 11. f4 Nxd3 12. cxd3 c5 13. Nb3 d6 14. e5 dxe5
15. fxe5 Ng4 16. Bf4 b6 17. h3 g5 18. hxg4 gxf4 19. Rxf4 Be6 20. Qe2 Qg5 21.
Raf1 a5 22. Nd2 Bxa2 23. Ne4 Qh4 24. g5 Qxf4 25. Rxf4 hxg5 26. Nf6+ Kg7 27. Qg4
Kg6 28. Qh5+ Kg7 29. Qh7# 1-0

[Event "Let's Play Chess!"]
[Site "http://www.queenalice.com/game.php?id=204436"]
[Date "2007.4.30"]
[Round "-"]
[White "botafogo"]
[Black "crubiov"]
[Result "0-1"]
[WhiteElo "1912"]
[BlackElo "1748"]

1. e4 e5 2. Nf3 Nc6 3. Bb5 a6 4. Ba4 Bc5 5. c3 Qf6 6. d3 Nge7 7. O-O h6 8. b4
Ba7 9. Bb3 O-O 10. Na3 Rd8 11. Nc4 d5 12. exd5 Nxd5 13. Bb2 Bg4 14. Ncd2 Nf4 15.
Ne4 Qg6 16. Bc2 Rxd3 0-1

[Event "Let's Play Chess!"]
[Site "http://www.queenalice.com/game.php?id=204437"]
[Date "2007.4.30"]
[Round "-"]
[White "crubiov"]
[Black "botafogo"]
[Result "1-0"]
[WhiteElo "1947"]
[BlackElo "2023"]

1. e4 e5 2. Nf3 Nc6 3. Bc4 h6 4. O-O Nf6 5. Re1 Be7 6. d4 Nxd4 7. Bxf7+ Kxf7 8.
Nxe5+ Kg8 9. Qxd4 Qf8 10. Ng6 Bc5 11. Qd3 Qf7 12. Nxh8 Kxh8 13. Be3 Be7 14. Nc3
d6 15. Nd5 Nxd5 16. exd5 Bf5 17. Qb5 b6 18. Qc6 Rc8 19. Bd4 Bg5 20. Re2 Bd7 21.
Qb7 Qf4 22. c3 a5 23. Rae1 Kh7 24. Bxb6 Qf7 25. Bxa5 Bg4 26. f3 1-0

[Event "Let's Play Chess!"]
[Site "http://www.queenalice.com/game.php?id=209939"]
[Date "2007.5.12"]
[Round "-"]
[White "blikinn"]
[Black "botafogo"]
[Result "0-1"]
[WhiteElo "2002"]
[BlackElo "1948"]

1. d4 d5 2. Bf4 Nf6 3. e3 g6 4. Qf3 Bg4 5. Qg3 c6 6. Bd3 Bg7 7. f3 Bd7 8. Bc7
Qc8 9. Ba5 b6 10. Bc3 O-O 11. Ne2 c5 12. dxc5 bxc5 13. Bxf6 Bxf6 14. c3 e5 15.
O-O Nc6 16. Nd2 Rb8 17. b3 Qd8 18. e4 Bh4 0-1

[Event "Let's Play Chess!"]
[Site "http://www.queenalice.com/game.php?id=209940"]
[Date "2007.5.12"]
[Round "-"]
[White "botafogo"]
[Black "jmarcen"]
[Result "0-1"]
[WhiteElo "1995"]
[BlackElo "1972"]

1. e4 Nf6 2. e5 Nd5 3. c4 Nb6 4. d4 d6 5. exd6 cxd6 6. Nf3 g6 7. b3 Bg7 8. Bb2
O-O 9. Be2 Bf5 10. O-O Nc6 11. h3 d5 12. c5 Nd7 13. a3 Nxc5 14. dxc5 Bxb2 15.
Ra2 Bg7 16. b4 a6 17. Re1 e5 18. Rd2 d4 19. Bd3 Bxd3 20. Rxd3 f5 21. Qb3+ Kh8
22. Rdd1 e4 23. Nfd2 d3 24. Nc4 Nd4 25. Qa2 Nb5 26. a4 Qd5 27. Qb3 Nd4 28. Qa2
Nc6 29. Nc3 Bxc3 30. Rf1 Bxb4 31. Qb2+ Qd4 32. Qb3 Bxc5 33. Ne3 Rab8 34. Rc1 f4
35. Ng4 e3 36. Rc4 Qd5 0-1

[Event "Let's Play Chess!"]
[Site "http://www.queenalice.com/game.php?id=209941"]
[Date "2007.5.12"]
[Round "-"]
[White "blikinn"]
[Black "botafogo"]
[Result "1-0"]
[WhiteElo "1936"]
[BlackElo "1887"]

1. d4 d5 2. Bf4 Nf6 3. e3 Bg4 4. f3 Bh5 5. h4 h6 6. Bd3 e6 7. g4 Bg6 8. Bxg6
fxg6 9. Qd3 Kf7 10. h5 g5 11. Bg3 c5 12. Qg6+ Ke7 13. Be5 Nc6 14. Nh3 Qe8 15.
Qd3 cxd4 16. exd4 Rc8 17. a3 Qd7 18. Nc3 Ke8 19. Qg6+ Qf7 20. O-O-O Qxg6 21.
hxg6 Ne7 22. Nxg5 Kd7 23. Nf7 Rg8 24. g5 hxg5 25. Nxg5 Nxg6 26. Bg3 a6 27. Na4
Kc6 28. Nxe6 Bd6 29. Rdg1 Nf8 30. Bxd6 Nxe6 31. Be5 Rcf8 32. Rg6 Kb5 33. Nc3+
Kc6 34. Rhg1 Rh8 35. Kd2 Rh2+ 36. Bxh2 1-0

[Event "Let's Play Chess!"]
[Site "http://www.queenalice.com/game.php?id=212279"]
[Date "2007.5.17"]
[Round "-"]
[White "Nelson_Abe"]
[Black "botafogo"]
[Result "0-1"]
[WhiteElo "1894"]
[BlackElo "2005"]

1. d4 d5 2. c4 e6 3. Nf3 Nf6 4. Nc3 Bb4 5. Bg5 h6 6. Bxf6 Qxf6 7. e3 Nc6 8. Bd3
O-O 9. O-O dxc4 10. Bxc4 b6 11. Ne4 Qd8 12. Rc1 Bb7 13. a3 Be7 14. Qd3 Bd6 15.
Ba2 Ne7 16. Bb1 Ng6 17. Nxd6 cxd6 18. e4 a5 19. e5 Bxf3 20. Qxf3 dxe5 21. Bxg6
fxg6 22. Qg4 Qe8 23. dxe5 Rd8 24. Rcd1 Rxd1 25. Rxd1 Qf7 26. f3 g5 27. Rd6 Re8
28. Rxb6 Qa7 29. Qd4 Rb8 30. Rxb8+ Qxb8 31. b4 axb4 32. axb4 Qb5 33. h3 Kf7 34.
Qc5 Qe2 35. b5 h5 36. b6 h4 0-1

[Event "Let's Play Chess!"]
[Site "http://www.queenalice.com/game.php?id=212290"]
[Date "2007.5.17"]
[Round "-"]
[White "Mr_Rusty"]
[Black "botafogo"]
[Result "0-1"]
[WhiteElo "1926"]
[BlackElo "1989"]

1. Nf3 Nc6 2. g3 d6 3. Bg2 Nf6 4. d3 e5 5. e4 Be7 6. O-O Bg4 7. Nbd2 O-O 8. c3
Qd7 9. Qc2 a6 10. Nc4 Bh3 11. Ne3 Bxg2 12. Kxg2 Rad8 13. Nf5 d5 14. Nxe7+ Qxe7
15. Bg5 dxe4 16. dxe4 Rd6 17. Rad1 Rfd8 18. Nh4 Rxd1 19. Rxd1 Rxd1 20. Qxd1 h6
21. Bxf6 Qxf6 22. Nf5 Qd8 23. Qxd8+ Nxd8 24. Kf3 f6 25. Ne7+ Kf7 26. Nf5 Ne6 27.
Ke2 Nc5 28. f3 Na4 29. Kd2 Nxb2 30. Ne3 g6 31. Kc2 Na4 32. Nd5 c6 33. Ne3 Ke6
34. Kb3 Nc5+ 35. Kb4 b6 36. Kc4 h5 37. h4 a5 38. Nc2 Kd6 39. Na3 b5+ 40. Nxb5+
cxb5+ 41. Kxb5 a4 42. c4 f5 0-1

[Event "A good game of chess"]
[Site "http://www.queenalice.com/game.php?id=215362"]
[Date "2007.5.23"]
[Round "-"]
[White "ChrisDavison102"]
[Black "botafogo"]
[Result "1-0"]
[WhiteElo "1983"]
[BlackElo "1972"]

1. e4 e5 2. Nf3 Nc6 3. Bb5 a6 4. Ba4 d6 5. h3 Nf6 6. d3 Bd7 7. O-O Be7 8. Be3 b5
9. Bb3 Na5 10. Nbd2 Nxb3 11. Nxb3 O-O 12. Bg5 c5 13. Nbd2 h6 14. Bh4 Bc6 15. Re1
Nh7 16. Bxe7 Qxe7 17. Nf1 Ng5 18. Ng3 Qf6 19. Nxg5 Qxg5 20. Qf3 Rfe8 21. Qf5
Qxf5 22. Nxf5 Rad8 23. Re3 d5 24. Rg3 g6 25. Nxh6+ Kg7 26. Nf5+ Kh7 27. exd5
Bxd5 28. Ne3 Ba8 29. Nf1 e4 30. Rd1 exd3 31. Rgxd3 Rxd3 32. Rxd3 Re2 33. Rd2 Re1
34. f3 Ra1 35. a3 a5 36. Kf2 b4 37. axb4 axb4 38. Ne3 Ra2 39. b3 Kg7 40. Ke2 Bc6
41. Kd3 Bb5+ 42. Nc4 Bd7 43. Ke3 Bf5 44. Kf4 Rxc2 45. Rxc2 Bxc2 46. Nd2 Kf6 47.
Ne4+ Bxe4 48. Kxe4 Ke6 49. g4 1-0

[Event "Another good game of chess"]
[Site "http://www.queenalice.com/game.php?id=215363"]
[Date "2007.5.23"]
[Round "-"]
[White "botafogo"]
[Black "ChrisDavison102"]
[Result "1/2-1/2"]
[WhiteElo "2015"]
[BlackElo "1868"]

1. e4 c5 2. Nf3 d6 3. d4 cxd4 4. Nxd4 Nf6 5. Nc3 a6 6. Bc4 e6 7. Bg5 Be7 8. O-O
O-O 9. a4 Nc6 10. f4 Qb6 11. e5 Nxd4 12. Kh1 dxe5 13. fxe5 Nd5 14. Nxd5 exd5 15.
Bxe7 Re8 16. Bh4 dxc4 17. Bf2 Rd8 18. c3 Qxb2 19. Bxd4 Qb3 20. Qf3 Be6 21. Rfb1
Qc2 22. Rc1 Qb2 23. Rcb1 1/2-1/2

[Event "AUTO-MASTER-319"]
[Site "http://www.queenalice.com/game.php?id=215466"]
[Date "2007.5.23"]
[Round "1"]
[White "botafogo"]
[Black "Miguelname"]
[Result "0-1"]
[WhiteElo "1933"]
[BlackElo "1999"]

1. e4 e5 2. Nf3 Nc6 3. d4 exd4 4. Nxd4 Bc5 5. Be3 Qf6 6. c3 Nge7 7. Be2 O-O 8.
O-O d5 9. exd5 Nxd5 10. Qc1 Nxe3 11. fxe3 Qh6 12. b4 Bd6 13. Nf3 Re8 14. Bc4 Bf5
15. Re1 a5 0-1

[Event "AUTO-MASTER-319"]
[Site "http://www.queenalice.com/game.php?id=215467"]
[Date "2007.5.23"]
[Round "1"]
[White "Miguelname"]
[Black "botafogo"]
[Result "1-0"]
[WhiteElo "1984"]
[BlackElo "1951"]

1. d4 d5 2. c4 e6 3. Nc3 Nf6 4. Bg5 Be7 5. e3 Nc6 6. Nf3 O-O 7. Bd3 Nb4 8. Be2
h6 9. Bh4 b6 10. a3 Nc6 11. O-O Bb7 12. cxd5 Nxd5 13. Nxd5 Qxd5 14. Qc2 Bxh4 15.
Nxh4 1-0

[Event "AUTO-MASTER-319"]
[Site "http://www.queenalice.com/game.php?id=215468"]
[Date "2007.5.23"]
[Round "1"]
[White "botafogo"]
[Black "shirya00007"]
[Result "0-1"]
[WhiteElo "1896"]
[BlackElo "2090"]

1. e4 d5 2. exd5 Qxd5 3. d4 Nc6 4. Nf3 Bg4 5. c4 Qe4+ 6. Be3 Nb4 7. Qa4+ Nc6 8.
Nc3 Qe6 9. d5 Qd7 10. dxc6 bxc6 11. Rd1 Qe6 12. Be2 Nf6 13. Nd4 Qd6 14. Bxg4
Nxg4 15. Nxc6 Qxd1+ 16. Nxd1 Nxe3 17. Nxe3 Kd7 18. Ne5+ Ke6 19. Qc6+ Kxe5 20.
Qxa8 e6 0-1

[Event "AUTO-MASTER-319"]
[Site "http://www.queenalice.com/game.php?id=215469"]
[Date "2007.5.23"]
[Round "1"]
[White "shirya00007"]
[Black "botafogo"]
[Result "1-0"]
[WhiteElo "2106"]
[BlackElo "1904"]

1. d4 d5 2. c4 e6 3. Nc3 Nf6 4. Bf4 Bb4 5. a3 Bd6 6. Bxd6 Qxd6 7. Rc1 dxc4 8. e4
Qa6 9. e5 Nfd7 10. Nf3 O-O 11. Ne4 Qc6 12. Neg5 h6 13. Rxc4 Qb6 14. Qd3 g6 15.
Nxf7 Kxf7 16. Nh4 Rg8 17. Qf3+ Kg7 18. Bd3 Nf8 19. Qf6+ Kh7 20. Nxg6 1-0

[Event "AUTO-MASTER-319"]
[Site "http://www.queenalice.com/game.php?id=215470"]
[Date "2007.5.23"]
[Round "1"]
[White "botafogo"]
[Black "Bruscato"]
[Result "0-1"]
[WhiteElo "1910"]
[BlackElo "2169"]

1. e4 c5 2. Nf3 d6 3. d4 cxd4 4. Nxd4 Nf6 5. Nc3 a6 6. Bc4 e6 7. Bg5 Be7 8. O-O
O-O 9. Bb3 Nbd7 10. Qd2 Nc5 11. Rfe1 Nxb3 12. Nxb3 b5 13. a3 Bb7 14. f3 Rc8 15.
Rad1 Qb6+ 16. Be3 Qc7 17. Bg5 Rfd8 18. Kh1 h6 19. Bh4 Rd7 20. Bg3 Nh5 21. Bf2
Rcd8 22. Bd4 e5 23. Be3 Nf6 24. Qf2 Re8 25. Bb6 Qb8 26. Na5 Ba8 27. Be3 d5 28.
exd5 Nxd5 29. Nxd5 Rxd5 0-1

[Event "AUTO-MASTER-319"]
[Site "http://www.queenalice.com/game.php?id=215471"]
[Date "2007.5.23"]
[Round "1"]
[White "Bruscato"]
[Black "botafogo"]
[Result "1-0"]
[WhiteElo "2164"]
[BlackElo "1917"]

1. e4 e5 2. Nc3 Nc6 3. Bc4 Nf6 4. Nf3 Be7 5. O-O O-O 6. d4 exd4 7. Nxd4 Nxd4 8.
Qxd4 d6 9. Bf4 Be6 10. Rad1 a6 11. Be2 Nd7 12. Nd5 Nf6 13. c4 Nxd5 14. cxd5 Bf6
15. Qb4 Bd7 16. h3 a5 17. Qb3 b5 18. Rc1 Bd4 19. Bxb5 Bc5 20. a4 Rb8 21. Qd3 Re8
22. Bd2 Bb6 23. Bc3 Qe7 24. Bxd7 Qxd7 25. b3 Qe7 26. Qg3 f6 27. Rfe1 Rbc8 28.
Kh2 Kh8 29. Qf3 c6 30. dxc6 Rxc6 31. e5 1-0